Principios para la producción ganadera /

Guardado en:
Autor Principal: Swan, Henry
Otros Autores: Broster, W. H.
Formato: Libro
Publicado: Buenos Aires : Hemisferio Sur, 1982
Materias:
Etiquetas: Agregar Etiqueta
Sin Etiquetas, Sea el primero en etiquetar este registro!
LEADER 02458nam a22002175a 4500
001 CEM.cems017577
005 20110517103218.0
008 130507s1982##################000#0#####d
003 CEMS
020 |a 9500042304 
082 0 4 |a 636 
100 1 |a Swan, Henry 
245 1 0 |a Principios para la producción ganadera /  |c Henry Swan y W. H. Broster 
260 |a Buenos Aires :  |b Hemisferio Sur,  |c 1982 
300 |a 429 p. 
505 0 |a Estructura de la producción británica de ganado / J. A. Craven y J. B. Kilkenny -- Sincronización del estro y de la ovulación en el ganado / H. D. Hafs, J. G. Manns y G. E. Lamming -- Ovulación múltiple, trasplante de cigotas hacia la obtención de mellizos / R. Necomb y L. E. A. Rowson -- Relación fisiológica entre la producción, la lactación y la nutrición de la vaca / Henry Swan -- Influencia del clima sobre el metabolismo del ganado / A. J. F. Webster -- Suministro de energía a partir del tracto digestivo del ganado / J. D. Sutton -- Síntesis de proteína en el rumen, su implicación en la alimentación de la energía en el cuerpo / E. F. Annison -- Suministros de aminoacidos como factor limitativo de la síntesis láctea y muscular / T. B. Mepham -- Influencias nutricionales sobre la calidd de la leche / J. A. F. Rook -- Factores que influyen sobre la eficiencia de utilización de la energía en el ganado vacuno para carne y lechero / A. J. H. van Es -- Satisfacción de los requerimientos de energía y de proteína del animal en crecimiento / M. Kay -- Nivel de alimentación para la vaca lechera / W. H. Broster -- Factores que influyen sobre el consumo voluntario de alimento por el ganado / J. A. Bines -- Utilización de las pasturas por las vacas lecheras / J. D. Leaver -- Producción de carne a partir de gramíneas y de cultivos forrajeros / J. M. Wilkinson -- El forraje conservado, complemento competidor de los concentrados / J. C. Tayler y R. J. Wilkins -- La selección para características lecheras o carniceras debe ser colateral o independiente / C. J. M. Hinks -- Implicaciones genéticas de seleccionar al ganado segun su tamaño grande / G. W. Seifert y T. H. Rudder -- Mejoramiento práctico del ganado para carne / R. L. Willham -- El futuro, leche versus carne o leche y carne / D. M. Allen 
653 |a Bovinos 
653 |a Bovinos-producción 
653 |a Producción ganadera 
700 1 |a Broster, W. H. 
859 |a CEMS  |b BIB. CEMS - Agricultura  |h 636  |i Sw241  |p A1381.11  |t Ej.1